আল-ফিকহুল আকবার / (Record no. 12333)
[ view plain ]
| 000 -LEADER | |
|---|---|
| fixed length control field | 00945nam a2200253 a 4500 |
| 001 - CONTROL NUMBER | |
| JCCL Control Number | 12333 |
| 003 - CONTROL NUMBER IDENTIFIER | |
| JCCL marc code | BD-JhCC |
| 005 - DATE AND TIME OF LATEST TRANSACTION | |
| control field | 20211101080105.0 |
| 008 - FIXED-LENGTH DATA ELEMENTS--GENERAL INFORMATION | |
| fixed length control field | 211101b20022017bg |||| ||a| 001 0 Ben d |
| 020 ## - INTERNATIONAL STANDARD BOOK NUMBER | |
| International Standard Book Number | 9789849005353 |
| 035 ## - SYSTEM CONTROL NUMBER | |
| system control number | (BD-JhCC)12333 |
| 040 ## - CATALOGING SOURCE | |
| Original cataloging agency | BD-JhCC |
| Modifying agency | BD-JhCC |
| 041 ## - LANGUAGE CODE | |
| Language code of Book | Bengali,Arabic |
| 082 ## - DEWEY DECIMAL CLASSIFICATION NUMBER | |
| Classification number | 340.59 |
| Author mark and Year | JAH 2017 |
| 100 ## - MAIN ENTRY--PERSONAL NAME | |
| Personal name | হানীফা,ইমাম আবূ |
| 245 ## - TITLE STATEMENT | |
| Title | আল-ফিকহুল আকবার / |
| Statement of responsibility, etc | ইমাম আবূ হানীফা, ড. খোন্দকার আব্দুল্লাহ জাহাঙ্গীর। |
| 260 ## - PUBLICATION, DISTRIBUTION, ETC. (IMPRINT) | |
| Place of publication, distribution, etc | ঢাকা: |
| Name of publisher, distributor, etc | আস-সুন্নাহ পাবলিকেশন্স; |
| Date of publication, distribution, etc | 2017. |
| 300 ## - PHYSICAL DESCRIPTION | |
| Pagination | 554 p. : |
| Dimensions | 22 cm. |
| 650 ## - SUBJECT ADDED ENTRY--TOPICAL TERM | |
| Topical term or geographic name as entry element | Fiqh al -akbar (abu hanitah) |
| 650 ## - SUBJECT ADDED ENTRY--TOPICAL TERM | |
| Topical term or geographic name as entry element | Islamic Law |
| 700 ## - ADDED ENTRY--PERSONAL NAME | |
| Personal name | জাহাঙ্গীর,ড. খোন্দকার আব্দুল্লাহ |
| 942 ## - ADDED ENTRY ELEMENTS (KOHA) | |
| Source of classification or shelving scheme | Dewey Decimal Classification |
| Koha item type | Books |
| Source of classification or shelving scheme | Damaged status | Not for loan | Home library | Current library | Shelving location | Date of accession | Cost, normal purchase price | Total Checkouts | Full call number | Barcode | Date last seen | Copy number | Koha item type |
|---|---|---|---|---|---|---|---|---|---|---|---|---|---|
| Dewey Decimal Classification | JCC Rouf Library | JCC Rouf Library | General Stacks | 07/12/2020 | 268.00 | 340.59 JAH 2017 | 16827 | 11/01/2021 | C-1 | Books |